<?xml version="1.0" encoding="UTF-8"?>
<record
    xmlns:xsi="http://www.w3.org/2001/XMLSchema-instance"
    xsi:schemaLocation="http://www.loc.gov/MARC21/slim http://www.loc.gov/standards/marcxml/schema/MARC21slim.xsd"
    xmlns="http://www.loc.gov/MARC21/slim">

  <leader>02506cam a22003374i 4500</leader>
  <controlfield tag="003">PE-LiUPU</controlfield>
  <controlfield tag="005">20260324095536.0</controlfield>
  <controlfield tag="008">1907s2019    pe a    rb    000 0 spa d</controlfield>
  <datafield tag="040" ind1=" " ind2=" ">
    <subfield code="a">PE-LiUPU</subfield>
    <subfield code="b">spa</subfield>
    <subfield code="c">PE-LiUPU</subfield>
    <subfield code="e">rda</subfield>
  </datafield>
  <datafield tag="082" ind1="0" ind2="4">
    <subfield code="a">346.0135</subfield>
    <subfield code="b">P471c</subfield>
    <subfield code="2">TP</subfield>
  </datafield>
  <datafield tag="110" ind1="2" ind2=" ">
    <subfield code="a">Per&#xFA;.</subfield>
    <subfield code="b">Defensor&#xED;a del Pueblo.</subfield>
  </datafield>
  <datafield tag="245" ind1="1" ind2="0">
    <subfield code="a">Compendio sobre normas b&#xE1;sicas de los derechos de los ni&#xF1;os, ni&#xF1;as y adolescentes /</subfield>
    <subfield code="c">Defensor&#xED;a del Pueblo, Adjunt&#xED;a para la Ni&#xF1;ez y Adolescencia.</subfield>
  </datafield>
  <datafield tag="264" ind1=" " ind2="1">
    <subfield code="a">Lima :</subfield>
    <subfield code="b">Defensor&#xED;a del Pueblo,</subfield>
    <subfield code="c">julio de 2019.</subfield>
  </datafield>
  <datafield tag="300" ind1=" " ind2=" ">
    <subfield code="a">392 p&#xE1;ginas :</subfield>
    <subfield code="b">ilustraciones ;</subfield>
    <subfield code="c">30 cm</subfield>
  </datafield>
  <datafield tag="336" ind1=" " ind2=" ">
    <subfield code="a">text</subfield>
    <subfield code="2">rdacontent</subfield>
  </datafield>
  <datafield tag="337" ind1=" " ind2=" ">
    <subfield code="a">unmediated</subfield>
    <subfield code="2">rdamedia</subfield>
  </datafield>
  <datafield tag="338" ind1=" " ind2=" ">
    <subfield code="a">volume</subfield>
    <subfield code="2">rdacarrier</subfield>
  </datafield>
  <datafield tag="500" ind1=" " ind2=" ">
    <subfield code="a">Primera edici&#xF3;n. Tiraje de 1000 ejemplares.</subfield>
  </datafield>
  <datafield tag="504" ind1=" " ind2=" ">
    <subfield code="a">Incluye referencias bibliogr&#xE1;ficas.</subfield>
  </datafield>
  <datafield tag="505" ind1="0" ind2=" ">
    <subfield code="a">Marco normativo internacional -- Convenciones y protocolos -- Sistema universal de derechos humanos -- Observaciones generales del Comit&#xE9; de los Derechos del Ni&#xF1;o -- Sistema interamericano de derechos humanos -- Otros instrumentos internacionales -- Marco normativo nacional -- Constituci&#xF3;n pol&#xED;tica del Per&#xFA; y c&#xF3;digos -- Principales normas en materia de ni&#xF1;ez y adolescencia -- Violencia contra ni&#xF1;os, ni&#xF1;as y adolescentes -- Castigo f&#xED;sico y humillante -- Inter&#xE9;s superior del ni&#xF1;o -- Ni&#xF1;ez y adolescencia sin cuidados parentales -- Desaparici&#xF3;n y b&#xFA;squeda de ni&#xF1;os, ni&#xF1;as y adolescentes -- Trata de personas -- Inversi&#xF3;n en la infancia y adolescencia -- Normas expedidas durante el 2018 y 2019 -- Leyes, decretos legislativos y reglamentos -- Decretos supremos -- Resoluciones ministeriales -- Otras normas -- Principales planes y pol&#xED;ticas p&#xFA;blicas -- Principales normas en materia de violencia escolar -- Marco normativo internacional sobre violencia escolar -- Observaciones generales del Comit&#xE9; sobre los Derechos del Ni&#xF1;o -- Marco normativo nacional sobre violencia escolar -- Otras normas nacionales.</subfield>
  </datafield>
  <datafield tag="610" ind1="1" ind2="4">
    <subfield code="a">Per&#xFA;.</subfield>
    <subfield code="b">Defensor&#xED;a del Pueblo.</subfield>
  </datafield>
  <datafield tag="650" ind1="1" ind2="4">
    <subfield code="a">Derechos del ni&#xF1;o</subfield>
    <subfield code="z">Per&#xFA;.</subfield>
  </datafield>
  <datafield tag="650" ind1="2" ind2="4">
    <subfield code="a">Protecci&#xF3;n de menores</subfield>
    <subfield code="z">Per&#xFA;.</subfield>
  </datafield>
  <datafield tag="650" ind1="2" ind2="4">
    <subfield code="a">Legislaci&#xF3;n sobre la infancia</subfield>
    <subfield code="z">Per&#xFA;.</subfield>
  </datafield>
  <datafield tag="650" ind1="2" ind2="4">
    <subfield code="a">Adolescentes</subfield>
    <subfield code="x">Derechos</subfield>
    <subfield code="z">Per&#xFA;.</subfield>
  </datafield>
  <datafield tag="651" ind1="2" ind2="4">
    <subfield code="a">Per&#xFA;</subfield>
    <subfield code="x">Pol&#xED;tica social.</subfield>
  </datafield>
  <datafield tag="710" ind1="2" ind2=" ">
    <subfield code="a">Per&#xFA;.</subfield>
    <subfield code="b">Defensor&#xED;a del Pueblo.</subfield>
    <subfield code="b">Adjunt&#xED;a para la Ni&#xF1;ez y Adolescencia.</subfield>
  </datafield>
  <datafield tag="942" ind1=" " ind2=" ">
    <subfield code="2">ddc</subfield>
    <subfield code="c">BK</subfield>
  </datafield>
  <datafield tag="980" ind1=" " ind2=" ">
    <subfield code="6">18228</subfield>
    <subfield code="a">Rebeca Esther Huerta Leyton</subfield>
    <subfield code="8">18226</subfield>
    <subfield code="g">Jaime Vilcaz&#xE1;n Jefe de An&#xE1;lisis Documental</subfield>
  </datafield>
  <datafield tag="999" ind1=" " ind2=" ">
    <subfield code="c">63343</subfield>
    <subfield code="d">63342</subfield>
  </datafield>
  <datafield tag="952" ind1=" " ind2=" ">
    <subfield code="r">2026-03-31 16:40:21</subfield>
    <subfield code="l">0</subfield>
    <subfield code="o">346.0135 P471c</subfield>
    <subfield code="p">83148</subfield>
    <subfield code="t">e1</subfield>
    <subfield code="v">30.00</subfield>
    <subfield code="w">2026-03-24</subfield>
    <subfield code="x">FACIHED</subfield>
    <subfield code="y">BK</subfield>
    <subfield code="1">0</subfield>
    <subfield code="2">ddc</subfield>
    <subfield code="5">0</subfield>
    <subfield code="7">0</subfield>
    <subfield code="8">GEN</subfield>
    <subfield code="f">P143</subfield>
    <subfield code="a">BUL</subfield>
    <subfield code="b">BUL</subfield>
    <subfield code="c">GEN</subfield>
    <subfield code="d">2026-02-12</subfield>
    <subfield code="e">Donaci&#xF3;n, Jhon Eden Rosario Campos</subfield>
  </datafield>
</record>
